Statistics for David Niven Filmography

Click here to take the quiz!

General Stats

  • This quiz has been taken 8 times
    (3 since last reset)
  • The average score is 10 of 187

Answer Stats

TypeYearName% Correct
Film1958Separate Tables
100%
Film1946A Matter of Life and Death
67%
Film1967Casino Royale
67%
Award Show195830th Academy Awards
33%
Award Show195931st Academy Awards
33%
Award Show197446th Academy Awards
33%
Film1964Bedtime Story
33%
Film1958Bonjour Tristesse
33%
Film1948Bonnie Prince Charlie
33%
Film1954Carrington V.C.
33%
Film1934Cleopatra
33%
Film1948Enchantment
33%
Film1966Eye of the Devil
33%
Radio Series1937-1955Lux Radio Theatre
33%
Film1976Murder by Death
33%
Film1975Paper Tiger
33%
Film1968Prudence and the Pill
33%
Film1947The Bishop's Wife
33%
Film1936The Charge of the Light Brigade
33%
Film1961The Guns of Navarone
33%
Film1963The Pink Panther
33%
Radio Series1949, 1952The Screen Guild Theater
33%
Film1980The Sea Wolves
33%
Film1944The Way Ahead
33%
Film1939Wuthering Heights
33%
Radio Play19491984
0%
Award Show197528th British Academy Film Awards
0%
Film196355 Days at Peking
0%
Documentary Series1960ABC Close-Up!
0%
Film1935A Feather in Her Hat
0%
TV Special1981AFI Life Achievement Award: A Tribute to Fred Astaire
0%
Film1949A Kiss for Corliss
0%
Film1949A Kiss in the Dark
0%
TV Show1957-1958Alcoa Theatre
0%
Short TV Documentary1967All Eyes on Sharon Tate
0%
TV Show1952All Star Revue
0%
Film1934All the Winners
0%
TV Mini-Series1979A Man Called Intrepid
0%
Radio Series1949Anacin Hollywood Start Theater
0%
Film1979A Nightingale Sang in Berkeley Square
0%
Film1951Appointment with Venus
0%
TV Show1971Aquarius
0%
Film1956Around the World in 80 Days
0%
Film1959Ask Any Girl
0%
Film1939Bachelor Mother
0%
Film1935Barbary Coast
0%
Film1969Before Winter Comes
0%
TV Show1975Bell System Family Theatre
0%
Film1936Beloved Enemy
0%
Film1983Better Late Than Never
0%
TV Show1952Betty Crocker Star Matinee
0%
Film1938Bluebeard's Eighth Wife
0%
TV Show1963Burke's Law
0%
Film1977Candleshoe
0%
TV Show1952Celanese Theatre
0%
TV Show1952Chesterfield Presents
0%
Film1983Curse of the Pink Panther
0%
Radio Special1974, 1975David Niven
0%
TV Show1976David Niven's World
0%
Film1978Death on the Nile
0%
Radio Series1977Desert Island Discs
0%
TV Show1957, 1958, 1959Dick Powell's Zane Grey Theatre
0%
Film1937Dinner at the Ritz
0%
Film1936Dodsworth
0%
Film1979Escape to Athena
0%
Film1939Eternally Yours
0%
Film1933Eyes of Fate
0%
TV Show1976Film Night
0%
Film1938Four Men and a Prayer
0%
TV Show1952-1956Four Star Playhouse
0%
TV Show1957-1958Goodyear Theatre
0%
Film1962Guns of Darkness
0%
Radio Series1949, 1952Hallmark Playhouse
0%
Film1959Happy Anniversary
0%
Film1954Happy Ever After
0%
Film1951Happy Go Lovely
0%
Radio Play1947Hi Jinx!
0%
Radio Play1947Hollywood Hotel
0%
TV Show1952, 1953Hollywood Opening Night
0%
Radio Play1948Hollywood Star Preview
0%
Radio Series1952Hollywood Star Theater
0%
Radio Series1949Hollywood Watch
0%
Radio Series1945Information Please
0%
TV Show1949Inside U.S.A. with Chevrolet
0%
Radio Play1938In the British Army
0%
Radio Series1981John Dunn Show
0%
Radio Series1973, 1977Kaleidoscope
0%
Film1972King, Queen, Knave
0%
Radio Series1948Kraft Music Hall
0%
Film1965Lady L
0%
TV Special1954Light's Diamond Jubilee
0%
TV Show1976Looks Familiar
0%
Film1946Magnificent Doll
0%
Radio Series1949Mary Margaret McBride Program
0%
TV Show1957Mr. Adams and Eve
0%
Film1935Mutiny on the Bounty
0%
Film1957My Man Godfrey
0%
TV Show1950Nash Airflyte Theatre
0%
Radio Series1949NBC University Theatre
0%
Theater1951-1952Nina
0%
Film1976No Deposit, No Return
0%
Radio Play1975Noël: The Life and Times of Noël Coward
0%
Film1957Oh, Men! Oh, Women!
0%
Film1936Palm Springs
0%
TV Show1972, 1975, 1981Parkinson
0%
TV Documentary1972Personal View: David Niven
0%
Radio Series1951Philip Morris Playhouse
0%
Radio Play1960Please Don't Eat the Daisies
0%
Film1960Please Don't Eat the Daisies
0%
TV Documentary1981Portrait of a Great Lady
0%
Radio Special1939Radio Tribute to the King and Queen of England
0%
Film1939Raffles
0%
TV Show1952Robert Montgomery Presents
0%
Film1936Rose Marie
0%
Film1980Rough Cut
0%
TV Show1951Schlitz Playhouse of Stars
0%
Radio Series1943Sealtest Variety Theater
0%
Radio Play1936Shell Chateau
0%
Radio Series1939Silver Theater
0%
Film1951Soldiers Three
0%
Film1935Splendor
0%
Documentary Series1975, 1976, 1978Survival
0%
Film1936Thank You, Jeeves!
0%
Film1961The Best of Enemies
0%
TV Documentary1977The Billion Dollar Movies
0%
Radio Series1952The Bing Crosby Show
0%
Film1956The Birds and the Bees
0%
TV Documentary1974The Bluffers
0%
TV Show1954, 1955The Bob Hope Show
0%
Radio Series1954The Bob Hope Show
0%
Film1969The Brain
0%
TV Film1974The Canterville Ghost
0%
Film1962The Captive City
0%
Radio Series1939The Chase and Sanborn Hour
0%
TV Show1959The David Niven Show
0%
Film1938The Dawn Patrol
0%
TV Show1962-1963The Dick Powell Show
0%
TV Show1950The Ed Sullivan Show
0%
Film1950The Elusive Pimpernel
0%
Film1969The Extraordinary Seaman
0%
Film1942The First of the Few
0%
Radio Special1973, 1975The Fred Astaire Story
0%
Radio Series1951The Hedda Hopper Show
0%
TV Show1977, 1978The Hollywood Greats
0%
Radio Play1946The Hour of Mystery
0%
Film1968The Impossible Years
0%
TV Show1954, 1958The Jack Benny Program
0%
TV Show1952The James Melton Show
0%
TV Documentary1971The Jarvis Collection: Scotland Yard
0%
TV Show1960The June Allyson Show
0%
Film1955The King's Thief
0%
Film1951The Lady Says No
0%
Film1957The Little Hut
0%
Film1954The Love Lottery
0%
Film1953The Moon Is Blue
0%
Theater1952The Moon is Blue
0%
Film1947The Other Love
0%
Film1947The Perfect Marriage
0%
TV Show1950The Peter Lind Hayes Show
0%
Film1937The Prisoner of Zenda
0%
Film1939The Real Glory
0%
Film1932There Goes the Bride
0%
Short Film1975The Remarkable Rocket
0%
Short Film1957The Return of Phileas Fogg
0%
Film1962The Road to Hong Kong
0%
TV Show1964-1965The Rogues
0%
Radio Series1938The Rudy Vallée
0%
TV Show1950The Saturday Night Revue with Jack Carter
0%
Film1962The Shortest Day
0%
Film1956The Silken Affair
0%
TV Show1956The Star and the Story
0%
Film1971The Statue
0%
TV Show1956The Steve Allen Plymouth Show
0%
Film1950The Toast of New Orleans
0%
Radio Series1949The United States Steel Hour
0%
Radio Series1939The Walter O'Keefe Show
0%
Theater1935The Wedding
0%
Radio Play1947This is Hollywood
0%
TV Special1957This is Scotland
0%
Film1938Three Blind Mice
0%
Film1982Trail of the Pink Panther
0%
Training Film1941Unarmed Combat
0%
Film1974Vampira
0%
Radio Series1971Weekend Woman's Hour
0%
Film1937We Have Our Moments
0%
Film1966Where the Spies Are
0%
Film1935Without Regret
0%

Score Distribution

Percentile by Number Answered

Percent of People with Each Score

Your Score History

You have not taken this quiz since the last reset